Kidnapped
Novela histórica de aventuras, ubicada en Escocia, gira en torno al protagonista David Balfour, luego de la muerte de sus padres recurre a su tío Ebenezer por apoyo económico y repartición de su herencia, analizando la situación el joven se percata que su tío es avaro y esconde ciertos secretos o re...
Збережено в:
| Автор: | |
|---|---|
| Формат: | Книга |
| Мова: | English |
| Опубліковано: |
New York, Estados Unidos
Classic Collier Books
1962
|
| Предмети: | |
| Теги: |
Додати тег
Немає тегів, Будьте першим, хто поставить тег для цього запису!
|
MARC
| LEADER | 00000nam a2200000Ia 4500 | ||
|---|---|---|---|
| 008 | 170316s9999 xx 000 0 eng d | ||
| 040 | |a cru BVZT | ||
| 090 | |a 820 S-16k | ||
| 100 | |a Stevenson, Robert Louis |9 1304 | ||
| 245 | |a Kidnapped |c Robert Louis Stevenson | ||
| 260 | |a New York, Estados Unidos | ||
| 260 | |b Classic Collier Books | ||
| 260 | |c 1962 | ||
| 300 | |a 256 páginas | ||
| 520 | |a Novela histórica de aventuras, ubicada en Escocia, gira en torno al protagonista David Balfour, luego de la muerte de sus padres recurre a su tío Ebenezer por apoyo económico y repartición de su herencia, analizando la situación el joven se percata que su tío es avaro y esconde ciertos secretos o rencores en su contra, finalmente es engañado, secuestrado y vendido a un barco como esclavo donde por casualidad llega a conocer a quién será su compañero y amigo Alan Breck Stewart un sobreviviente jacobita, con él vivirá varias aventuras hasta llegar cada uno a su destino cumpliendo sus propósitos. | ||
| 650 | |a LITERATURA INGLESA |9 12 | ||
| 650 | |a EN IDIOMA INGLÉS |9 129 | ||
| 650 | |a NOVELA DE AVENTURA |9 1305 | ||
| 999 | |c 7074 |d 7074 | ||
| 942 | |c 15 D |h 820 S-16k |2 z | ||
